00565nam a2200157Ia 4500008004100000020001500041082001800056100001700074245002500091260002600116546000900142650009600151942000700247999001500254952013800269230312s9999||||xx |||||||||||||| ||und|| a8184312504 a001.51bCHI-C aChitode, J.S 0aCommunication Theory bTechnicalaPunec2007 aEng. aEngineeringvAmplitude modulations, Angle Modulation, Noise performance, communication tech cBK c3313d3313 00102ddc40708Faculty of Engineering and TechnologyaSIRC-GbSIRC-Gd2023-03-13l0o001.51 CHI-Cp3327r2023-03-13w2023-03-13yBK